The uninvited dilemma : a question of gender /

সংরক্ষণ করুন:
গ্রন্থ-পঞ্জীর বিবরন
প্রধান লেখক: Stuart, Kim Elizabeth
বিন্যাস: গ্রন্থ
ভাষা:ইংরেজি
প্রকাশিত: Portland : Metamorphous, 1991
সংস্করন:Revised edition
ট্যাগগুলো: ট্যাগ যুক্ত করুন
কোনো ট্যাগ নেই, প্রথমজন হিসাবে ট্যাগ করুন!

MARC

LEADER 00000nam a22000007i 4500
001 IT\ICCU\UBO\3852356
003 ItRI
005 20260115231831.0
008 110419s1991 xxu|||||| ||||| |||||c
020 |a 1555520138 
040 |b ita  |c importazione bologna sebina 
041 7 |a eng  |2 ISO-639-2 
100 1 |a Stuart, Kim Elizabeth  |0 IT\ICCU\UBOV\390414 
245 1 4 |a The uninvited dilemma :  |b a question of gender /  |c Kim Elizabeth Stuart. 
250 |a Revised edition 
260 |a Portland :  |b Metamorphous,  |c 1991 
300 |a 173 p. ;  |c 22 cm. 
942 |2 ddc  |c BK  |n 0 
952 |0 0  |1 0  |4 0  |6 T_305_321000000000000_STU  |7 0  |9 13816  |a BO  |b BO  |d 2026-01-15  |i 14953  |l 0  |o T 305.321 STU  |p BO14953  |r 2026-01-15 23:18:31  |w 2026-01-15  |x [Sebina 5] [1 v.]  |y BK  |z 1 v. 
999 |c 11891  |d 11891